|
|
|
|
| LEADER |
00909nam a2200253 a 4500 |
| 001 |
GR-Patra6828 |
| 008 |
991022s nyu 000 b eng d |
| 020 |
|
|
|a 0393964175
|
| 040 |
|
|
|a GrPaTEI
|b gre
|c GR-PaULI
|
| 245 |
0 |
0 |
|a Microeconomics :
|b theory/applications.
|
| 250 |
|
|
|a 8th ed.
|
| 260 |
|
|
|a New York :
|b Norton & Company,
|c c1994
|
| 300 |
|
|
|a 572σ., πίν.
|
| 500 |
|
|
|a Includes bibliographical raferences
|
| 650 |
|
4 |
|a ΑΓΟΡΑ
|
| 650 |
|
4 |
|a ΚΑΤΑΝΑΛΩΤΕΣ
|
| 650 |
|
4 |
|a Μικροοικονομική
|
| 650 |
|
4 |
|a Μικροοικονομική
|
| 700 |
1 |
|
|a Mansfield, Edwin
|
| 710 |
0 |
|
|a Norton & Company
|
| 942 |
|
|
|2 ddc
|
| 952 |
|
|
|0 0
|1 0
|2 ddc
|4 0
|6 338_500000000000000_MAN
|7 0
|9 288153
|a LISK
|b LISK
|c BSC
|d 2021-01-17
|e 24
|f 0
|g 0.00
|l 0
|o 338.5 MAN
|p 92410010342
|r 2021-01-17 00:00:00
|t 1
|w 2021-01-17
|y BK15
|x 19991024 0 1
|x GrPaTEI
|
| 971 |
|
|
|a .b26543424
|b 15-04-20
|c 23-09-16
|
| 999 |
|
|
|c 168054
|d 168054
|